000 02030cam a2200517 i 4500
001 4129
003 FISKH
005 20240607160615.0
008 190116s2019 nyu d 000 1 eng d
010 _a 2019931360
020 _a9780062676399
_q(hardcover)
020 _a9780062676405
020 _a0062676393
_q(hardcover)
035 _a(OCoLC)on1090746174
040 _aFM0
_beng
_cFM0
_erda
_dFM0
_dOCO
_dTCH
_dOCLCO
_dVP@
_dZQP
_dLNC
_dOCLCO
_dWYG
_dOCLCO
_dFCS
_dJTH
_dOCLCO
_dW8A
_dOCLCO
_dTOH
_dB@L
_dOCLCO
_dNL1
_dJTH
_dDLC
042 _alccopycat
050 0 0 _aPZ7.M2695
082 0 4 _2813.6
100 1 _aMafi, Tahereh,
245 1 0 _aDefy me /
_cTahereh Mafi.
250 _aFirst paperback edition, 2020
260 _aNew York :
_bHarper,
_c2019
300 _a352, 11 pages ;
_c21 cm
490 _aShatter Me
_vBook 5
520 _aJuliette Ferrars isn't who she thinks she is. Still reeling from the explosive events of the Continental Symposium and the secrets Warner has been keeping, Juliette has nowhere to turn and doesn't know whom she can trust. She's desperate for answers, but to get them, she'll have to face the nightmares that have been chasing her for a lifetime.
650 0 _aAbility
_vFiction.
650 0 _aSoldiers
_vFiction.
650 0 _aDictatorship
_vFiction.
650 0 _aGovernment, Resistance to
_vFiction.
650 0 _aYoung adult fiction.
650 1 _aAbility
_vFiction.
650 1 _aSoldiers
_vFiction.
650 1 _aDictatorship
_vFiction.
650 1 _aGovernment, Resistance to
_vFiction.
650 1 _aScience fiction.
650 7 _aYOUNG ADULT FICTION / Dystopian.
_2bisacsh
650 7 _aYOUNG ADULT FICTION / Science Fiction / General.
_2bisacsh
650 7 _aYOUNG ADULT FICTION / Romance / Paranormal.
_2bisacsh
655 0 _aYoung adult fiction.
655 7 _aScience fiction.
_2lcgft
655 7 _aFantasy fiction.
_2lcgft
655 7 _aDystopian fiction.
_2lcgft
906 _a7
_bcbc
_ccopycat
_d2
_encip
_f20
_gy-gencatlg
942 _2ddc
_cBK
_n0
999 _c4129
_d4129